| 000 | 00383nam a2200157Ia 4500 | ||
|---|---|---|---|
| 100 | _aNair/sudhakar | ||
| 650 | _aApplied mathematics | ||
| 942 | _cBK | ||
| 366 | _f25 | ||
| 245 | _aAdvanced topics in Applied mathematics for engineering and physical science | ||
| 260 |
_bCambridge University Press _c2011 |
||
| 082 | _bNAI | ||
| 300 | _a222 | ||
| 546 | _aENGLISH | ||
| 999 |
_c25263 _d25263 |
||